COMPARATIVE STUDY BETWEEN (Record no. 20518)

MARC details
000 -LEADER
fixed length control field 00289nam a22001457a 4500
003 - CONTROL NUMBER IDENTIFIER
control field SGT
082 ## - DEWEY DECIMAL CLASSIFICATION NUMBER
Classification number 616.07
Item number C18K
100 ## - MAIN ENTRY--PERSONAL NAME
Personal name KHARI, POOJA
245 ## - TITLE STATEMENT
Title COMPARATIVE STUDY BETWEEN
250 ## - EDITION STATEMENT
Edition statement 1ST
260 ## - PUBLICATION, DISTRIBUTION, ETC. (IMPRINT)
Place of publication, distribution, etc SGTU
Year of Publication 2018
300 ## - PAGE DESCRIPTION
No. of Pages 90
650 ## - SUBJECT ADDED ENTRY--TOPICAL TERM
Topical term or geographic name as entry element PATHOLOGY
942 ## - ADDED ENTRY ELEMENTS (KOHA)
Source of classification or shelving scheme Dewey Decimal Classification
Koha item type Thesis/Dissertation
Holdings
Withdrawn status Lost status Source of classification or shelving scheme Damaged status Not for loan Collection code Home library Current library Shelving location Date acquired Total Checkouts Full call number Accession No. (Barcode) Date last seen Bill Date Koha item type
    Dewey Decimal Classification   Not For Loan MEDICAL SGT Medical Library SGT Medical Library Reference Book 01/10/2020   616.07 C18K DT610 01/10/2020 01/10/2020 Thesis/Dissertation
    Dewey Decimal Classification   Not For Loan MEDICAL SGT Medical Library SGT Medical Library Reference Book 01/10/2020   616.07 C18K DT611 01/10/2020 01/10/2020 Thesis/Dissertation
    Dewey Decimal Classification   Not For Loan MEDICAL SGT Medical Library SGT Medical Library Reference Book 01/10/2020   616.07 C18K DT612 01/10/2020 01/10/2020 Thesis/Dissertation